| 000 | 01413cad a22002655a 4500 | ||
|---|---|---|---|
| 001 | L160259 | ||
| 008 | 190710s2019 xxk f 000 0 eng d | ||
| 020 | _a9781842196984 | ||
| 035 | _a(Sirsi) u160259 | ||
| 041 | 0 | _aeng | |
| 110 | 2 |
_aRoyal Institution of Chartered Surveyors _94900 |
|
| 245 | 0 | 0 |
_aValuation of rural property _h[electronic resource] |
| 250 | _a3rd ed | ||
| 260 |
_aLondon _bRICS _c2019 |
||
| 490 | 0 | _aRICS Professional Standards and Guidance UK | |
| 520 | _aThis guidance is primarily intended to remind registered valuers of matters that should be considered when completing a valuation of rural property. It may also be of use to clients such as farmers, landowners, estates, lenders and other institutional clients, developers and investors to provide an understanding the work and role of the rural property valuer and assist in arriving at properly agreed instructions. | ||
| 520 | _aSupersedes 2 ed 9781842196984 | ||
| 520 | _aThis document was originally published in July 2019 as an RICS guidance note and reissued in October 2022 as an RICS professional standard | ||
| 650 | 2 | 4 | _aRURAL PROPERTY |
| 651 | 4 | _aUnited Kingdom | |
| 690 |
_aValuation _96273 |
||
| 690 |
_aRural _96268 |
||
| 856 | 4 | 1 |
_uhttps://www.rics.org/profession-standards/rics-standards-and-guidance/sector-standards/valuation-standards/valuation-of-rural-property _zAvailable on RICS.org |
| 942 |
_n0 _2ddc |
||
| 999 |
_c116302 _d116302 |
||